Como escribir un guión vendible : una guía paso a paso /
Guardado en:
| Autor Principal: | |
|---|---|
| Otros Autores: | , |
| Formato: | Libro |
| Publicado: |
Buenos Aires :
De la Flor
|
| Series: | Manuales
|
| Materias: | |
| Etiquetas: |
Agregar Etiqueta
Sin Etiquetas, Sea el primero en etiquetar este registro!
|
| LEADER | 00864nam a22002655a 4500 | ||
|---|---|---|---|
| 001 | CEM.cems011066 | ||
| 005 | 20071129185007.0 | ||
| 008 | 130507b######################000#0#####d | ||
| 003 | CEMS | ||
| 020 | |a 9505152590 | ||
| 082 | 0 | 4 | |a 808.23 |
| 100 | 1 | |a Keane, Christopher | |
| 245 | 1 | 0 | |a Como escribir un guión vendible : |b una guía paso a paso / |c Christopher Keane ; prólogo de Julius Epstein ; traducido Por Elvio Gandolfo |
| 260 | |a Buenos Aires : |b De la Flor | ||
| 300 | |a 414 p. | ||
| 490 | 0 | |a Manuales | |
| 500 | |a Incluye el guión anotado de The Crossing | ||
| 653 | |a Escritura-arte | ||
| 653 | |a Cinematografía | ||
| 653 | |a Guiones-elaboración | ||
| 653 | |a Cine-guiones | ||
| 653 | |a Televisión-guiones | ||
| 700 | 1 | |a Gandolfo, Elvio E., trad. | |
| 700 | 1 | |a Epstein, Julius, pról. | |
| 859 | |a CEMS |b BIB. CEMS - 11 de abril |h 808.23 |i K197 |p 21866.02 |t Ej.1 | ||
